[Event "Candidates FIDE m3"]
[Site "Wijk aan Zee"]
[Date "1994.??.??"]
[Round "1"]
[White "Van der Sterren, Paul"]
[Black "Kamsky, Gata"]
[Result "0-1"]
[WhiteElo "2605"]
[BlackElo "2695"]
[Annotator "Belov,I"]
[PlyCount "72"]
[EventDate "1994.01.16"]
[EventType "match"]
[EventRounds "7"]
[EventCountry "NED"]
[SourceTitle "CBM 039"]
[Source "ChessBase"]
[SourceDate "1994.04.01"]
[SourceVersion "1"]
[SourceVersionDate "1994.04.01"]
[SourceQuality "1"]

1. d4 {Wolff Hansen,LB} Nf6 2. c4 g6 3. Nc3 Bg7 4. e4 d6 5. Nf3 O-O 6. Be2 e5
7. Be3 Ng4 8. Bg5 f6 9. Bc1 (9. Bh4 {Hansen,LB} Nc6 (9... g5 10. Bg3 Nh6 11. h3
Nc6 12. dxe5 fxe5 13. Qd2 Nf7 14. Nh2 $1 Nd4 15. Bg4 Nh8 16. Nb5 Ne6 17. Nf3
Nf4 18. Bxf4 gxf4 19. c5 $5 a6 20. Nc3 dxc5 21. Qxd8 Rxd8 22. Nd5 $36 {Ehlvest,
J-Van Wely,L/Reykjavik op/1994/}) 10. d5 Ne7 11. Nd2 Nh6 12. f3 g5 13. Bf2 f5
14. c5 Ng6 (14... Kh8 $5 15. Nc4 Ng6 16. cxd6 cxd6 17. O-O b6 18. Nb5 Rf6 $13 {
Ehlvest,J-Schekachev,A/Reykjavik op/1994/}) 15. g3 g4 16. fxg4 Nxg4 17. Bxg4
fxg4 18. Nc4 Nh8 19. cxd6 cxd6 20. O-O Nf7 21. Be3 $14 {Ehlvest,J-Van Wely,L/
Groningen PCA/1993/}) 9... exd4 $5 $146 {?! Hansen,LB; Wolff} (9... Nc6 10. O-O
f5 11. d5 (11. dxe5 Ngxe5 12. exf5 Bxf5 13. Nxe5 dxe5 14. Bf3 Qe8 15. Bd5+ Kh8
16. Nb5 Qe7 17. Qe2 Rad8 18. b3 Nb4 $13 {Groszpeter,A-Kupreichik,V/Aallorg/
1992/0:1 (48) Inf 55/624/}) (11. Bg5 Bf6 (11... Qe8 12. d5 Nd8 $5 13. Ne1 Nf7
14. Bd2 Nf6 15. exf5 gxf5 16. f4 exf4 17. Bxf4 Ne5 $10 {Volke,K-Kupreichik,V/
Berlin/1992/}) 12. Bxf6 Nxf6 13. exf5 (13. dxe5 dxe5 14. Qxd8 Rxd8 15. Nb5 Nxe4
16. Nxc7 Rb8 $10 {Portisch,L-Kasparov,G/Linares/1990/0:1 (27) Inf 49/742/})
13... Bxf5 (13... gxf5 14. dxe5 dxe5 15. Qxd8 Rxd8 16. Nd5 Ne8 17. Rad1 Kg7 18.
Rfe1 Be6 $10 {Mikhalchishin,A-Hulak,K/Portoroz/1993/1:0 (52) Inf 58/668/}) 14.
d5 (14. Qd2 Qe7 15. Rae1 $14 {Kasparov/}) 14... Ne7 15. Ng5 h6 $5 $146 (15...
c6 16. Bd3 Bg4 17. Qd2 Qb6 18. h3 Bd7 19. dxc6 $14 {Rajkovic,D-Nunn,J/BRD/1990/
1:0 (33) Inf 50/657/}) 16. Ne6 Bxe6 17. dxe6 Nf5 18. Bd3 Nd4 19. f4 $1 $14 {
Van Der Sterren,P-Kamsky,G/Wijk aan Zee(m/3)/1994/0:1 (25)/}) 11... Ne7 12. Ng5
Nf6 13. exf5 Nxf5 (13... gxf5 14. f4 e4 15. Be3 $14 {Miles,A-Rogers,I/Manila
(izt)/1990/1:0 (34) Inf 49/743/}) 14. Bd3 Nd4 15. Ne2 Nf5 16. Ng3 c6 17. N3e4
$14 {Farago,I-Polgar,J/HUN(ch)/1991/0,5 (44) Inf 53/628/}) (9... Nh6 {Hansen,LB
}) 10. Nxd4 f5 (10... Ne5 11. O-O Nec6 (11... Nbc6 12. f4 Nxd4 13. Qxd4 Nc6 14.
Qd5+ Kh8 15. f5 $16) 12. Nxc6 Nxc6 13. Be3 f5 14. exf5 Bxf5 15. Qd2 $16) 11.
O-O (11. exf5 gxf5 $2 (11... Nxf2 $1 12. Kxf2 Qh4+ 13. g3 Qxd4+ $15) (11...
Nxf2 $1 $17 {Wolff}) 12. Nxf5 $1 Nxf2 (12... Bxf5 13. Bxg4) 13. Qd5+ Kh8 14.
Nxg7 Nxh1 (14... Kxg7 15. O-O $16) 15. Bg5 c6 16. Qd2 Qb6 17. O-O-O $16) (11.
Bxg4 $2 {Wolff} fxg4 $15 {><f3,e4,d4,c4, /\...Nc6-e5}) 11... Nc6 12. Nxc6 bxc6
13. exf5 (13. h3 Nf6 14. exf5 Bxf5 $14) 13... gxf5 14. h3 Nf6 (14... Ne5 15. f4
Ng6 16. Be3 Rb8 17. Qd2 c5 18. Bf3 $16) 15. Bf3 $14 Bd7 16. Bg5 (16. Be3 $14)
16... Rb8 17. Qd2 Qe8 18. Rae1 Qf7 19. b3 Kh8 (19... Rbe8 $5) 20. Re2 (20. Bh6
Rbe8 21. Bxg7+ Qxg7 $10) 20... Rbe8 21. Rfe1 Rxe2 22. Rxe2 Ng8 {/\f4; ?! Too
slow Hansen,LB; ? Wolff} (22... Re8 $16 {Hansen,LB}) (22... Re8 $142 $14 {Wolff
}) 23. Bf4 (23. g3 $14) 23... Ne7 24. c5 Ng6 25. Bh5 $1 (25. Be3 $6 f4 26. Bd4
Ne5 $15) 25... Bc8 $5 (25... dxc5 26. Bxc7 Bd4 27. Bxg6 Qxg6 28. Be5+ $16) (
25... Qf6 {Wolff} 26. Bxg6 hxg6 (26... Qxc3 27. Qxc3 Bxc3 28. Bxh7 Kxh7 $140 (
28... Be8 $140 29. Bxf5) 29. Re7+) 27. Na4 $16) 26. cxd6 {?! Hansen,LB} (26.
Bxg6 $1 {Hansen,LB} hxg6 (26... Qxg6 27. cxd6 cxd6 28. Qxd6 $18) 27. cxd6 cxd6
28. Bxd6 Rd8 29. Qf4 $1 {/\Qh4} g5 $5 30. Qb4 a5 31. Qc5 $18 {/\Be5}) 26...
cxd6 27. Bxd6 $5 (27. Na4 $14) 27... Rd8 28. Na4 Qf6 29. Qb4 $8 {!! Hansen,LB}
(29. Be7 $4 {Wolff} Qa1+ 30. Qe1 Rd1) 29... Rxd6 (29... Qxd6 {Hansen,LB} 30.
Qxd6 (30. Re8+ $4 Rxe8 31. Qxd6 Re1+ 32. Kh2 Be5+ $19) 30... Rxd6 31. Re8+ Nf8
32. Rxc8 $18) 30. Re8+ Bf8 31. Rxc8 Kg7 32. Qb7+ $2 {?? Hansen,LB; ? Wolff} (
32. Qc3 $5 Ne5 33. f4 $16) (32. Qc3 $18 {Hansen,LB}) (32. Qe1 $142 $1 {Wolff}
Nf4 $140 33. Rc7+ Kh6 (33... Kh8 34. Rf7) (33... Kg8 34. Bf3 $16) 34. Bf3 $16)
32... Kh6 $1 $17 33. Bf3 $6 {? Wolff} (33. Bxg6 Rd1+ 34. Kh2 Bd6+ 35. g3 Bxg3+
36. Kxg3 (36. fxg3 Rd2+ 37. Kg1 Qa1#) (36. Kg2 hxg6) 36... Qxg6+ (36... Qe5+ {
Wolff} 37. Kg2 (37. f4 Qe3+ $19) (37. Kh4 Qf4#) (37. Kf3 Qe4+ 38. Kg3 Rg1+ 39.
Kh2 Qh1#) 37... Qe4+ 38. f3 Rd2+ 39. Kg3 Qe5+ $19) 37. Kf3 Qh5+ $17) (33. Be2 {
Wolff} Rd2 34. Rxc6 Bd6 $40) 33... Nh4 34. Be2 (34. Bxc6 Rd1+ 35. Kh2 Bd6+ 36.
g3 Bxg3+ (36... Qd4 $1 $19 {Hansen,LB}) 37. Kxg3 Qg5+ 38. Kh2 Qf4#) 34... Qa1+
35. Bf1 (35. Kh2 Qe5+ 36. g3 (36. Kg1 {Hansen,LB} Qxe2 37. Rxf8 Rd1+ 38. Kh2
Qe5+ 39. g3 Nf3+ 40. Kg2 Rg1+ 41. Kxf3 Qe4#) 36... Qxe2 $19) 35... Nf3+ $1 $19
36. gxf3 Rg6+ (36... Rg6+ 37. Kh2 Bd6+ 38. Kh1 Qxf1#) 0-1

[Event "Candidates FIDE m3"]
[Site "Wijk aan Zee"]
[Date "1994.??.??"]
[Round "3"]
[White "Van der Sterren, Paul"]
[Black "Kamsky, Gata"]
[Result "0-1"]
[WhiteElo "2605"]
[BlackElo "2695"]
[Annotator "Hansen,LB"]
[PlyCount "50"]
[EventDate "1994.01.16"]
[EventType "match"]
[EventRounds "7"]
[EventCountry "NED"]
[SourceTitle "CBM 039"]
[Source "ChessBase"]
[SourceDate "1994.04.01"]
[SourceVersion "1"]
[SourceVersionDate "1994.04.01"]
[SourceQuality "1"]

1. d4 {Wolff} Nf6 2. c4 g6 3. Nc3 Bg7 4. e4 d6 5. Nf3 O-O 6. Be2 e5 7. Be3 Ng4
8. Bg5 f6 9. Bc1 Nc6 10. O-O f5 11. Bg5 (11. d5 Ne7 12. Ng5 Nf6 13. exf5 gxf5 (
13... Nxf5 14. Bd3 Nd4 15. Ne2 Nf5 16. Ng3 c6 17. N3e4 cxd5 18. Nxf6+ Qxf6 19.
cxd5 $13 {Farago,I-Polgar,J/Hungary ch/1991/}) 14. f4 e4 15. Be3 h6 16. Ne6
Bxe6 17. dxe6 c6 18. Kh1 Kh7 (18... Ng6 19. g4 $1 Qe7 20. Rg1 Nh4 21. Bf2 Nxg4
22. Bxg4 fxg4 23. Bxh4 Qxh4 24. Qxg4 $1 $16 {Miles,A-Rogers,I/Manila izt/1990/}
) 19. g4 $1 Nxg4 20. Bxg4 fxg4 21. Nxe4 Nf5 22. Bf2 d5 $5 23. Nc5 $1 Qe7 24.
Qxg4 b6 25. Nd7 Qxe6 26. Nxf8+ Rxf8 27. Rae1 Qf7 28. c5 $1 $14 {Hansen,
LB-Jakobsen,O/Denmark/1992/}) 11... Bf6 (11... Qe8 12. dxe5 dxe5 13. Nd5 Qf7
14. Bd2 Nf6 15. Ng5 Qd7 16. exf5 gxf5 17. f4 e4 18. Bc3 $14 {Van der Sterren,
P-Van Wely,L/NLD-ch/1993/}) 12. Bxf6 Nxf6 (12... Qxf6 $5 13. h3 Nh6 14. d5 Nd8
15. c5 Ndf7 16. cxd6 Nxd6 17. Nd2 Bd7 18. Rc1 $14 {Ricardi,P-Kasparov,G/Buenos
Aires simul/1992/}) 13. exf5 Bxf5 (13... gxf5 14. dxe5 dxe5 15. Qxd8 Rxd8 16.
Nd5 $1 Ne8 17. Rfd1 (17. Rad1 Kg7 18. Rfe1 Be6 19. Bf1 $14 {Mikhalchishin,
A-Hulak,K/Portoroz/Rogaska Slatina/1993/}) 17... Be6 18. Kf1 Kg7 19. Ng5 Bg8
20. f4 $1 e4 21. Ne3 $16 {Cebalo,M-Ivanovic,B/Cetinje/1990/}) 14. d5 (14. Qd2
$5 Qe7 15. Rfe1 (15. Rae1 $14 {Kasparov}) 15... Qg7 16. Rad1 Rae8 17. dxe5 dxe5
18. b3 e4 19. Nd4 $14 {Horvath,J-Reyes Larenas,J/Novi Sad ol/1990/}) 14... Ne7
15. Ng5 h6 $5 $146 (15... c6 16. Bd3 $1 $14 {Rajkovic,D-Nunn,J/GER/1990/}) 16.
Ne6 Bxe6 17. dxe6 Nf5 (17... c6 {Wolff} 18. Qd2 Kg7 19. f4 $14 {Rajkovic}) 18.
Bd3 $1 (18. Nd5 $2 {Wolff} c6 19. Nxf6+ Qxf6 $17) (18. Qb3 $2 {Wolff} Rb8 {
/\ ...Nd4}) (18. c5 $2 {Wolff} d5 $17 {/\ ...c6}) 18... Nd4 $5 19. f4 $5 (19.
Bxg6 Nxe6 $13) 19... Kg7 (19... Nxe6 $5 20. fxe5 dxe5 21. Bxg6 $13) 20. Qe1 $1
(20. f5 $5 {Wolff} gxf5 21. Bxf5 Qe7 (21... Nxf5 22. Rxf5 Qe7 23. Qf3 Qxe6 24.
Rf1 $44) 22. Qd3 $1 Nxf5 23. Rxf5 (23. Qxf5 Rae8 (23... c6 24. Rf3 $36) 24. Nd5
Nxd5 (24... Qxe6 25. Qxe6 Rxe6 26. Nxc7 Re7 27. Nb5) 25. Qg4+ Qg5 26. Qxg5+
hxg5 27. cxd5 c6 28. Rac1 (28. Rxf8 Kxf8 (28... Rxf8 29. dxc6 bxc6 30. Rd1 $1
d5 31. Rc1 Kf6 32. Rxc6 Re8 33. Ra6 Rxe6 34. Rxa7 Rc6 $13) 29. Rf1+ Kg8 30. Rf7
cxd5 31. Rxb7 Rxe6 32. Rxa7 d4 $36) 28... Rxf1+ 29. Kxf1 cxd5 30. Rc7+ Kf6 31.
Rxb7 Kxe6 32. Rxa7 d4 $36) 23... Qxe6 24. Qg3+ Kh7 25. Raf1 $13) 20... Nxe6 21.
Qg3 (21. Bxg6 {Wolff} Nxf4 $17) 21... g5 $8 22. fxe5 $2 (22. fxg5 hxg5 (22...
Nxg5 23. h4) 23. Rf5 $1 $40 (23. Bf5 {Wolff} Nh5 24. Qg4 Nf6 (24... Nd4 25. Be4
Nf4 26. g3 $14) 25. Qg3 $10)) 22... dxe5 23. Qxe5 $2 Qxd3 24. Qxe6 (24. Rad1
Qxc4 (24... Qg6 {Wolff} 25. Nd5 $1) 25. Rd7+ Kg6 $1 $8 26. Qf5+ Kh5 27. Qh3+
Qh4 $19) 24... Rae8 $19 25. Qf5 {? Wolff} (25. Qh3 Qd4+ (25... Qxc4 $17 {Wolff}
) 26. Kh1 Ng4 $19) 25... Ne4 $1 (25... Ne4 $1 26. Qd5 Qe3+ 27. Kh1 Nf2+ 28. Kg1
(28. Rxf2 Qe1+ $19) 28... Nh3+ 29. Kh1 Qg1+ $3 30. Rxg1 Nf2#) 0-1

[Event "Candidates FIDE m3"]
[Site "Wijk aan Zee"]
[Date "1994.??.??"]
[Round "4"]
[White "Kamsky, Gata"]
[Black "Van der Sterren, Paul"]
[Result "1-0"]
[WhiteElo "2695"]
[BlackElo "2605"]
[Annotator "Hansen,LB"]
[PlyCount "78"]
[EventDate "1994.01.16"]
[EventType "match"]
[EventRounds "7"]
[EventCountry "NED"]
[SourceTitle "CBM 039"]
[Source "ChessBase"]
[SourceDate "1994.04.01"]
[SourceVersion "1"]
[SourceVersionDate "1994.04.01"]
[SourceQuality "1"]

1. d4 Nf6 2. c4 e6 3. Nc3 d5 4. cxd5 exd5 5. Bg5 Be7 6. e3 O-O 7. Bd3 c6 (7...
Nbd7 8. Nge2 Re8 9. O-O Nf8 10. b4 $1 a6 11. a3 c6 12. Qc2 g6 13. f3 Ne6 14.
Bh4 Nh5 15. Bxe7 Rxe7 16. Qd2 $16 {Kasparov,G-Short,N/London m(15)/1993/}) 8.
Qc2 Nbd7 9. Nge2 Re8 10. O-O Nf8 11. f3 Be6 12. Rad1 Rc8 {/\c5<=>} 13. a3 $1
N6d7 (13... c5 $5 14. dxc5 Rxc5 15. Nd4 $14) 14. Bf4 $1 (14. Bxe7 $6 Qxe7 {
>< e3}) 14... Ng6 $6 (14... a5 $1 15. Kh1 b5 $1 {<=> >>} 16. e4 b4 17. axb4
axb4 18. Na4 b3 $5 19. Qb1 Qa5 $132 {Kamsky,G-van der Sterren,P/Wijk aan Zee m
(06)/1994/}) 15. Bg3 Bh4 $6 (15... a5) (15... c5 $5) 16. b4 $1 $14 Bxg3 17.
Nxg3 Nf6 18. Qd2 a5 19. Bb1 axb4 20. axb4 b6 21. f4 $5 (21. e4) 21... Bg4 $1
22. Rc1 Bd7 23. f5 Ne7 24. e4 $1 dxe4 25. Ncxe4 Nxe4 26. Bxe4 f6 $8 27. Qf4 Rf8
$1 {/\Be8-f7} 28. b5 $1 cxb5 $6 (28... Be8 $1 29. Rfd1 (29. Rcd1 Nd5 $132 {
/\Bf7}) 29... cxb5 $8 30. d5 $1 Rxc1 31. Rxc1 Nc8 $1 {/\Nd6<=>} (31... Nxd5 $2
32. Qd2 Bf7 33. Rd1 $18)) 29. d5 $1 $16 Rc5 $1 $8 30. Rcd1 $1 Kh8 31. Rfe1 Rc4
32. Qf2 Ng8 (32... Nc8 $5) 33. Nh5 $1 {/\Nf4-e6} Be8 $2 {Invites the N to e6.
33.-,Rf7 or 33.-,Nh6!? should offer better chances.} 34. Nf4 Qd6 35. Qg3 $1 Qe5
36. Ne6 $18 Qxg3 37. hxg3 Rf7 38. d6 Rc8 39. Nc7 Bd7 $138 (39... Bd7 40. Rc1
$18 {/\Bd5;Ne6}) 1-0

[Event "Candidates FIDE m3"]
[Site "Wijk aan Zee"]
[Date "1994.??.??"]
[Round "7"]
[White "Van der Sterren, Paul"]
[Black "Kamsky, Gata"]
[Result "1/2-1/2"]
[WhiteElo "2605"]
[BlackElo "2695"]
[Annotator "Chekhov,V"]
[PlyCount "65"]
[EventDate "1994.01.16"]
[EventType "match"]
[EventRounds "7"]
[EventCountry "NED"]
[SourceTitle "CBM 039"]
[Source "ChessBase"]
[SourceDate "1994.04.01"]
[SourceVersion "1"]
[SourceVersionDate "1994.04.01"]
[SourceQuality "1"]

1. d4 {Hansen,LB} d5 2. c4 c6 3. Nf3 Nf6 4. Nc3 e6 5. Bg5 h6 6. Bxf6 Qxf6 7. e3
Nd7 8. Bd3 (8. a3 {Hansen,LB} Qd8 9. e4 dxe4 10. Nxe4 Be7 11. Qd2 c5 12. O-O-O
$6 O-O 13. dxc5 Qc7 14. Kb1 Nxc5 15. Qe3 b6 16. Nc3 Bb7 17. b4 $2 Nd7 18. Nb5
Qc8 19. Nd6 Bxd6 20. Rxd6 Qc7 21. Rd2 a5 $1 22. Bd3 axb4 23. axb4 Ra4 24. Rb2
Rfa8 25. Rd1 Bxf3 26. Qxf3 Ne5 27. Qg3 Qc6 $1 {0-1;Kortschnoj,V-Kramnik,V/
Groningen PCA/1993/}) 8... dxc4 {!? Hansen,LB} (8... g6 {Hansen,LB} 9. O-O (9.
h4 $5 Bg7 10. cxd5 exd5 $13 {Nikolic,P-Novikov,I/Portoroz/1993/}) 9... Bg7 10.
e4 dxc4 11. e5 $1 Qe7 12. Bxc4 O-O 13. Qe2 (13. Rc1 $14 {Hertneck,G-Khenkin,I/
Tilburg/1993/}) 13... b6 14. Rfe1 a6 15. Bd3 Bb7 16. Be4 $14 {Kamsky,G-Kramnik,
V/Luzern WchT/1993/}) (8... Bd6 {Hansen,LB} 9. O-O Qe7 10. c5 $1 Bc7 11. e4
dxe4 12. Nxe4 O-O 13. Re1 $14 {Bareev,E-Granda Zuniga,J/Groningen PCA/1993/}) (
8... Qd8 {Hansen,LB} 9. O-O Be7 10. a3 (10. Rc1 O-O 11. Qe2 a6 12. a3 f5 $13 {
Spraggett,K-Illescas,M/EUcup Barcelona/1993/}) 10... O-O 11. Qc2 (11. Rc1 a6
12. e4 dxc4 13. Bxc4 b5 14. Ba2 c5 15. d5 $13 {Kramnik,V-Illescas,M/Alcobendas
m(2)/1993/}) 11... a6 12. b4 f5 13. c5 Bf6 14. a4 g5 15. b5 a5 $1 16. Ne2 Bg7
$13 {Kramnik,V-Illescas,M/Alcobendas m(4)/1993/}) 9. Bxc4 g6 (9... Bd6 $5 {
Hansen,LB} 10. O-O Qe7 11. Qc2 O-O 12. a3 e5 13. Ba2 Nf6 14. dxe5 Bxe5 15. Nxe5
Qxe5 16. Rae1 $1 $14 {Sokolov,I-Dreev,A/Biel izt/1993/}) 10. O-O (10. e4 e5 $1
$10) (10. h4 $5 {Hansen,LB} Bg7 11. Qc2 a5 12. a3 O-O 13. h5 g5 14. Ba2 Qe7 15.
Rd1 b6 16. O-O Bb7 17. e4 $13 {Nikolic,P-Georgiev,K/Burgas/1993/}) 10... Bg7
11. Rc1 $5 (11. e4 {Hansen,LB} e5) 11... O-O $146 (11... Qe7 12. Qc2 O-O 13.
Rfd1 b6 14. e4 Bb7 15. Qe2 b5 $1 16. Bb3 a6 17. e5 c5 18. d5 c4 19. Bc2 exd5
20. Nxd5 Bxd5 21. Rxd5 Rfe8 $132 {Savchenko,S-Magerramov,E/Groningen (op)/1993/
0,5 (52)/}) 12. e4 e5 (12... Qe7 $5) (12... b6 $5) 13. d5 Nb6 14. dxc6 $5 $14
bxc6 (14... Nxc4 $2 15. Nd5 $16) (14... Qxc6 15. Nd5 $14) 15. Be2 (15. Bb3 $2
Ba6 16. Re1 Rad8 17. Qc2 Bd3 $36) 15... Rd8 16. Qc2 Bg4 (16... Be6 $5 {/\h5,
Bh6/}) 17. Nb1 $5 (17. Nd2 $5 Qg5 18. Rfd1 Bh3 19. Bf1) 17... Bxf3 18. Bxf3 Rd6
19. Nd2 (19. a4 $5) 19... h5 20. Nb3 a5 (20... Bh6 21. Rcd1 Rad8 22. Na5 $1 Rd2
23. Qxc6) 21. Rfd1 Rxd1+ 22. Rxd1 Qe6 $5 (22... a4 23. Nc5 Bf8 24. Be2 $14) 23.
a3 Qc4 24. Rc1 Qxc2 25. Rxc2 Na4 $1 26. Nc1 $6 (26. Nd2 $1 Bf8 27. Kf1 $14 (27.
Nc4 {Hansen,LB} f6 $14) (27. b3 Nc5)) 26... Rb8 27. b3 Bh6 $1 28. Bd1 (28. bxa4
Rb1 $10) 28... Nb2 $1 $10 29. Rxb2 Bxc1 30. Ra2 Rd8 31. Be2 Rd2 32. Rxd2 Bxd2
33. Bc4 1/2-1/2

[Event "Linares 12th"]
[Site "Linares"]
[Date "1994.??.??"]
[Round "1"]
[White "Anand, Viswanathan"]
[Black "Kamsky, Gata"]
[Result "1-0"]
[WhiteElo "2715"]
[BlackElo "2695"]
[Annotator "Ftacnik,L"]
[PlyCount "77"]
[EventDate "1994.02.??"]
[EventType "tourn"]
[EventRounds "13"]
[EventCountry "ESP"]
[EventCategory "18"]
[SourceTitle "CBM 040"]
[Source "ChessBase"]
[SourceDate "1994.06.01"]
[SourceVersion "1"]
[SourceVersionDate "1994.06.01"]
[SourceQuality "1"]

1. e4 {Boensch} c5 2. Nf3 d6 3. d4 cxd4 4. Nxd4 Nf6 5. Nc3 a6 6. Be3 e5 7. Nb3
Be6 8. f3 Be7 (8... d5 9. exd5 Nxd5 10. Nxd5 Bxd5 11. c4 Bb4+ 12. Kf2 Be6 13.
Qxd8+ Kxd8 14. Rd1+ $14) 9. Qd2 Nbd7 10. g4 h6 (10... b5 11. a4 $1 b4 12. Nd5
Bxd5 13. exd5 Nb6 14. a5 Nbxd5 15. g5 Nxe3 16. gxf6 Nxf1 17. fxe7 Qxe7 18. Rxf1
$18) (10... Nb6 {Boensch} 11. O-O-O O-O 12. Rg1 Rc8 13. g5 Nfd7 14. Nd5 Nxd5
15. exd5 Bf5 16. Bd3 $14 {Jonsson,B-De Firmian,N Akureyri 1994 1-0 40}) 11. h4
(11. O-O-O {Boensch} b5 12. Kb1 Nb6 13. Bxb6 Qxb6 14. h4 b4 15. Nd5 Bxd5 16.
exd5 a5 $15 {Lanka,Z-Piesina,G Vilnius zt 1993 0,5 22}) 11... b5 12. Rg1 $146
b4 (12... Nb6 $5 13. g5 hxg5 14. hxg5 Nfd7) 13. Na4 (13. Ne2 $2 {Boensch} a5
14. g5 Nh5 $15 {Los,S-De Boer,GJ Groningen op (08) 1990 0,5 45}) 13... d5 (
13... a5 14. g5 hxg5 15. hxg5 Nh5 $14) 14. g5 (14. exd5 Nxd5 15. h5 Nxe3 16.
Qxe3 Bh4+ $15) 14... d4 (14... hxg5 15. hxg5 d4 16. Bxd4 Bxb3 17. gxf6 Bxf6 18.
axb3 exd4 19. O-O-O Ne5 20. f4 Nf3 21. Qg2 Nxg1 22. e5 $40) 15. Bxd4 (15. Bf2
$2 {Boensch} Nh5 $17) 15... Bxb3 (15... exd4 16. gxf6 Bxf6 17. O-O-O Bxb3 18.
axb3) 16. gxf6 Bxf6 (16... Bxa4 $2 {Boensch} 17. fxe7 Qxe7 18. Bf2 $16) 17.
axb3 exd4 18. O-O-O Ne5 (18... Bxh4 $2 19. Qxd4 $16) (18... O-O 19. Qxh6 $18) (
18... Qa5 19. f4 {/\ 20.e5+/-}) 19. f4 $3 (19. Be2 d3 $1) (19. Bg2 Bxh4 20. f4
O-O $1 21. fxe5 $140 (21. Kb1 {Boensch} Nc6 22. e5 Qc7 $13) 21... Bg5 $19) (19.
Qg2 $1 Ng6 20. h5 Nf4 21. Qg4 Be5 22. Nc5 $14) 19... Nf3 20. Qg2 Nxg1 21. e5
O-O (21... Bxh4 22. Qxg7 Rf8 23. Qxg1 {/\ Bg2, Rd4+/-}) 22. Bd3 $1 (22. exf6
Qxf6 23. Qxg1 Qxf4+ 24. Kb1 Qxh4 25. Rxd4 Qe7 $13) 22... Bxe5 (22... Bxh4 23.
Rxg1 g6 (23... g5 24. Qh3 $1 $18 Kh8) 24. Bxg6 Kh8 25. Bh7 $1 Bg5 26. fxg5 Kxh7
27. Qh3 $1 (27. g6+ Kg7 28. Qb7 (28. gxf7+ Qg5+ $1 (28... Kxf7 {Boensch} 29.
Qb7+ $1 Ke8 (29... Ke6 30. Nc5+ Kxe5 31. Qe4+ $18) 30. Qc6+ Kf7 (30... Ke7 31.
Rg7+ Rf7 32. Qf6+ $18) 31. Qc4+ $1 Ke8 32. Qe6+ Qe7 33. Qc6+ $18)) 28... Rb8
29. gxf7+ Kh8 30. Qxa6 Rxf7 31. Qxh6+ Rh7 $16) 27... Kg8 28. Qxh6 {/\ 29.g6+-})
23. fxe5 Qxh4 24. Rxg1 Qf4+ (24... Qg5+ 25. Qxg5 hxg5 26. Rxg5 $16) 25. Kb1
Qxe5 26. Nc5 $1 Ra7 (26... Qxc5 $4 27. Qxg7#) (26... Rad8 $1 27. Nxa6 Ra8 (
27... Rfe8 {Boensch} 28. Nxb4 g5 29. Rf1 $16 (29. Nc6 $4 Qe1+ $19)) 28. Nxb4
$18) 27. Qc6 Qe3 (27... Rd8 28. Qxh6) (27... Kh8 28. Nd7 Qe3 29. Rg2 Rd8 30.
Re2 Qg1+ 31. Ka2 Raxd7 $2 32. Qxd7 $1) (27... Rc7 {Boensch} 28. Qxh6 $18) 28.
Rg2 Kh8 29. Re2 Qg1+ 30. Ka2 Raa8 (30... a5 31. Re8 Kg8 32. Rxf8+ Kxf8 33. Qd6+
$18) 31. Nd7 Rac8 (31... Rfc8 32. Qe4 Qg6 33. Qxg6 fxg6 34. Nb6 $18) 32. Qf3 f5
(32... Rfe8 33. Ne5) 33. Nxf8 Rc5 $1 (33... Rxf8 34. Qb7 $18) 34. Ng6+ $1 (34.
Qxf5 $2 Rxf5 35. Bxf5 Qf1 $1 36. Re5 g5 (36... Kg8 37. Bg6 Qxf8 38. Re8 Qxe8
39. Bxe8 Kf8 40. Bh5 Ke7 41. Kb1 Kf6 42. Kc1 Kg5 $18) 37. Nd7 Kg8 $13) 34...
Qxg6 (34... Kh7 35. Re5 $18) 35. Re1 Qf6 36. Qa8+ Kh7 37. Bc4 Rc6 38. Qg8+ Kg6
39. Rg1+ (39. Rg1+ Kh5 40. Qe8+ g6 (40... Qg6 41. Bf7) 41. Qe2+) 1-0

[Event "Linares 12th"]
[Site "Linares"]
[Date "1994.??.??"]
[Round "2"]
[White "Kamsky, Gata"]
[Black "Beliavsky, Alexander G"]
[Result "1-0"]
[WhiteElo "2695"]
[BlackElo "2650"]
[Annotator "Dautov,R"]
[PlyCount "61"]
[EventDate "1994.02.??"]
[EventType "tourn"]
[EventRounds "13"]
[EventCountry "ESP"]
[EventCategory "18"]
[SourceTitle "CBM 040"]
[Source "ChessBase"]
[SourceDate "1994.06.01"]
[SourceVersion "1"]
[SourceVersionDate "1994.06.01"]
[SourceQuality "1"]

1. d4 {Ftacnik} Nf6 2. c4 e6 3. Nc3 Bb4 4. e3 O-O 5. Bd3 c5 6. Nge2 cxd4 7.
exd4 d5 8. O-O dxc4 9. Bxc4 Nc6 10. Bg5 Be7 11. Rc1 (11. a3 a6 {/\} 12. Qd3 b5
13. Bb3 Ne5 $1 14. Qg3 Nc4 $10) 11... Qa5 $5 (11... b6) (11... a6 12. a3 b5 13.
Ba2 Bb7 14. Qd3 $6 Ne5 15. Qh3 Nc4 16. Bxc4 bxc4 17. Rfd1 Qa5 $17 {Hoi-Chernin/
Kobenhavn/1984}) 12. Qd2 Rd8 13. a3 (13. Rfd1 {Ftacnik} Bd7) 13... Bd7 (13...
b6 $5 14. Rfd1 Bb7 $13 {/\Rac8}) 14. Rfd1 Be8 15. Ba2 h6 (15... Rac8 $5) 16.
Be3 (16. Bxh6 $2 gxh6 17. Qxh6 Qh5 $17) (16. Bh4 $6 Ne4 $1 17. Nxe4 Qxd2 18.
Rxd2 Bxh4 $10) 16... Bd6 {/\Ne7-f5} (16... Rac8 $5) (16... Ng4 $5 {Ftacnik})
17. h3 (17. Bxh6 Bxh2+ $5 (17... gxh6 18. Qxh6 Ng4 19. Qh4 {/\} Bxh2+ (19...
Qf5 {Ftacnik} 20. Bb1 Qxf2+ 21. Qxf2 Nxf2 22. Kxf2 $14) 20. Kh1 Qf5 21. Bb1
Nxf2+ 22. Kxh2 Qf6 23. Qg3+ Kf8 24. Rf1 Qh6+ 25. Kg1 $18) 18. Kxh2 Ng4+ 19. Kg1
Nxh6 $10) 17... Rac8 $2 (17... Ne7 $1 18. Nd5 (18. Bxh6 $6 gxh6 19. Qxh6 Ng6
$17) 18... Qxd2 19. Nxf6+ gxf6 20. Rxd2 Nf5 $10) (17... Bf8 $13 {Ftacnik}) 18.
Bxh6 $1 gxh6 19. Qxh6 $16 Nh7 (19... Be7 20. Rd3 Ne5 (20... Nh5 {Ftacnik} 21.
Nf4 (21. d5 Ne5 22. Re3 f6 23. Rxe5 fxe5 24. Qxe6+ Bf7 25. Qxe7 $16) 21... Bg5
22. Qxh5 Bxf4 23. Qg4+ Qg5 24. Qxg5+ Bxg5 25. Rg3 Nxd4 26. Rxg5+ $16) 21. dxe5
Rxd3 22. exf6 Bf8 23. Qh4 $18 {/\Bb1}) (19... Nd7 20. d5 Bf8 21. Qh4 $1 exd5 (
21... Nce5 22. dxe6 fxe6 23. Bxe6+ Bf7 24. Bxd7 Rxd7 25. Rxd7 Nxd7 26. Qg4+ $18
) 22. Rxd5 $18) (19... Qf5 20. Bb1 Bf8 21. Qh4 $18) (19... Nd5 20. Nxd5 exd5
21. Bb1 Rc7 22. Qh7+ Kf8 23. Nc3 $16) 20. Bb1 f5 (20... Nf8 21. Ne4 Be7 (21...
f5 22. Nf6+ Kf7 23. Nh5 $18) 22. Rc5 $5 Qxc5 (22... Qb6 23. Rh5 (23. N2g3 {
Ftacnik} Nxd4 24. Rxc8 Nf3+ 25. gxf3 Rxd1+ 26. Kg2 Rxb1 27. Rxe8 $18) 23... Ng6
24. Nd6 Bxd6 25. Bxg6 $18) 23. Nxc5 Bxc5 24. Qg5+ Ng6 25. Qxc5 Nxd4 26. Rxd4
Rxc5 27. Rxd8 Kf8 28. Bxg6 fxg6 29. Nc3 $16) 21. b4 (21. d5 Ne7 22. dxe6 Qe5
$132) 21... Qc7 (21... Qxa3 22. Qxe6+ Bf7 23. Qxf5 Nf8 24. Qg5+ Kh8 25. Qh6+
Kg8 26. Ne4 $18) 22. Qxe6+ Qf7 23. Bxf5 Rc7 24. Ne4 Qxe6 (24... Nf8 25. Nxd6 (
25. Qxf7+ {Ftacnik} Bxf7 26. Nxd6 Rxd6 27. d5 Rxd5 28. Rxd5 Bxd5 29. b5 Rg7 30.
bxc6 Rxg2+ 31. Kf1 bxc6 32. Rc3 $16) 25... Qxe6 26. Bxe6+ Nxe6 27. Nxe8 Rxe8
28. d5 Ncd4 $1 29. Nxd4 Rxc1 30. Rxc1 Nxd4 31. Rc7 $16) 25. Bxe6+ Bf7 26. d5
Ne5 (26... Bxe6 {Ftacnik} 27. dxe6 Be7 28. f4 $16) 27. Nd4 (27. Nxd6 $5 Rxc1
28. Rxc1 Rxd6 29. Rc8+ Nf8 30. Nd4 $18 {/\f4}) 27... Rxc1 28. Rxc1 Bb8 (28...
Nf8 {Ftacnik} 29. Nf5 $16) 29. Nf5 Kf8 30. Nc5 Ng5 $2 (30... b6 31. Nb7 Re8 32.
Nfd6 Bxd6 33. Nxd6 Rd8 34. Nxf7 Nxf7 35. Rc7 $18) 31. Nxb7 $138 (31. Nxb7 Bxe6
32. dxe6 Re8 33. e7+ $18) 1-0